000 00639nam a22001817a 4500
999 _c3893
_d3893
003 GBCCL
005 20241126110506.0
008 171215b xxu||||| |||| 00| 0 eng d
040 _cgbc
082 _a262.0068
_bRON
100 _aRongpi, Solomon
_97649
245 _aPrinciples of effective Church administration:
_bA study of the Karbi Baptist Churches in Karbi Anglong /
_cSolomon Rongpi
260 _aJorhat:
_bTribal Study Centre, Eastern Theological College,
_c2005
300 _a100 p.;
_bill.,
_c23 cm.
440 _aTribal Study Series
_v13
_97650
650 _aChurch administration
_vBaptist
_zKarbi Anglong
_99467
942 _2ddc
_cBK
_06